Thought and knowledge : (Record no. 32293)
[ view plain ]
| 000 -LEADER | |
|---|---|
| fixed length control field | 00522nam a22001697a 4500 |
| 008 - FIXED-LENGTH DATA ELEMENTS--GENERAL INFORMATION | |
| fixed length control field | 250707b |||||||| |||| 00| 0 eng d |
| 020 ## - INTERNATIONAL STANDARD BOOK NUMBER | |
| International Standard Book Number | 9781138655171 |
| 050 ## - LIBRARY OF CONGRESS CALL NUMBER | |
| Classification number | BF 441 .H35 2023 |
| 100 ## - MAIN ENTRY--PERSONAL NAME | |
| Personal name | Halpern,Diane F. |
| 245 ## - TITLE STATEMENT | |
| Title | Thought and knowledge : |
| Remainder of title | an introduction of critical thinking/ |
| 250 ## - EDITION STATEMENT | |
| Edition statement | 6th ed. |
| 260 ## - PUBLICATION, DISTRIBUTION, ETC. (IMPRINT) | |
| Place of publication, distribution, etc. | NewYork and London : |
| Name of publisher, distributor, etc. | Routledge, |
| Date of publication, distribution, etc. | c2023. |
| 300 ## - PHYSICAL DESCRIPTION | |
| Extent | viii,418p. |
| Other physical details | ill. |
| Dimensions | 26cm |
| 504 ## - BIBLIOGRAPHY, ETC. NOTE | |
| Bibliography, etc | includes index and reference |
| 700 ## - ADDED ENTRY--PERSONAL NAME | |
| Personal name | Dunn,Dana S. |
| 942 ## - ADDED ENTRY ELEMENTS (KOHA) | |
| Source of classification or shelving scheme | |
| Koha item type | Hard Covered Materials |
| Call number prefix | BF 441 .H35 2023 |
| Withdrawn status | Lost status | Source of classification or shelving scheme | Damaged status | Not for loan | Home library | Current library | Shelving location | Date acquired | Source of acquisition | Cost, normal purchase price | Total Checkouts | Full call number | Barcode | Date last seen | Price effective from | Koha item type |
|---|---|---|---|---|---|---|---|---|---|---|---|---|---|---|---|---|
| MACHAKOS UNIVERSITY LIBRARY | MACHAKOS UNIVERSITY LIBRARY | Open shelf | 26/06/2025 | Purchase(Turraco book house) | 9895.20 | BF 441 .H35 2023 | 40234 | 14/07/2025 | 07/07/2025 | Hard Covered Materials |